Scottish cities in Scottish Gaelic - Statistics

General Stats
  • This quiz has been taken 293 times
  • The average score is 7 of 10
Answer Stats
City in Gaelic Answer % Correct
Glaschu Glasgow
99%
Dùn Dé Dundee
95%
Dún Éideann Edinburgh
89%
Inbhir Nis Inverness
88%
Pàislig Paisley
83%
Hamalton Hamilton
81%
Obar dheathain Aberdeen
76%
Cille Bhrìghde an Ear East Kilbride
26%
Comar nan Allt Cumbernauld
22%
Baile Dhùn Lèibhe Livingston
10%
No matching quizzes found
Score Distribution
Percent of People with Each Score
Percentile by Number Answered
Your Score History
You have not taken this quiz